| 000 | 004530000a22001810004500 | ||
|---|---|---|---|
| 003 | MACL | ||
| 005 | 20160803142840.0 | ||
| 008 | 160803b xxu||||| |||| 00| 0 eng d | ||
| 040 |
_aMACL _cMACL |
||
| 041 | _aEnglish | ||
| 082 | _a954 KAP | ||
| 100 |
_aKapur, J C _966061 |
||
| 245 |
_aIndia in The Year 2000 _cJ C KKapur |
||
| 260 |
_bPublications Division _c1975 _aNew Delhi |
||
| 350 | _a12 | ||
| 650 |
_aHistory _966062 |
||
| 942 |
_cBK _k954/KAP _2ddc |
||
| 999 |
_c36100 _d36100 |
||